TV Plot Haikus II Quiz Stats

Quiz Updated Jan 21, 2016

Also try: TV Plot Haikus
Challenge
Share
Tweet
Embed
Score 0/24 Timer 07:00
0 Plays Today
TV Plot Haiku TV Show % Correct
The final frontier / Where no man has gone before / 'Beam me up, Scotty!'Star Trek: The Original Series
88.7%
Shipwrecked and stranded / With Grumby, Ging, and the Prof / Some short boat ride, eh?Gilligan's Island
84.4%
Sneaky backstabbing / In wicked Wisteria / Suburbia bliss?Desperate Housewives
77.3%
Advertising's great / When all you do is smoke, drink / And wear fancy suitsMad Men
67.2%
3 by 3 structure / 'Pick a star and win a prize' / Celeb tic-tac-toeThe Hollywood Squares
65.5%
Speedy home decor / Ty uses a megaphone / A bus blocks my viewExtreme Makeover: Home Edition
63%
Stop eating those chips! / Sweat it out! Run, fatboy, run! / Don't be a winner!The Biggest Loser
54.5%
N.Y.C. rich kids / Living such drama-filled lives / Kristen Bell narratesGossip Girl
53.1%
Alien crash lands / Falls in love with his roommate / Doesn't eat her catMork & Mindy
52.3%
Dad is sent to jail / 'It ain't easy being white' / Someone save our BluthsArrested Development
50.3%
Life 'loosely scripted' / With the writer of Seinfeld / No, it's not JerryCurb Your Enthusiasm
50.1%
Analyzing blood / Isn't as fun as murder / Don't let Deb catch youDexter
46.3%
TV Plot Haiku TV Show % Correct
Girl moves to L.A. / 'The rest is still unwritten' / Is this real TV?The Hills
46%
'Hola, Senor Chang' / Ex-lawyer goes back to school / This isn't The SoupCommunity
45.2%
Hi there, Mr. White / I can see your underwear / Can I buy some meth?Breaking Bad
43.9%
Name of Sam's husband? / Durwood? Dum-Dum? What's-his-name? / Don't ask EndoraBewitched
39.9%
Great Cornholio! / This 'B & B' doesn't stand / For bed & breakfast!Beavis and Butt-head
39.7%
Chairman Kaga says, / 'Allez Cuisine!' Translation: / Japanese food fight?Iron Chef
38.9%
Somewhere in Pawnee / A pit turns into a park / Leslie Knope 4 prezParks and Recreation
36.8%
For the B.A.U. / Your mind's the scene of the crime / Psychos? Analyzed!Criminal Minds
29.9%
A queen is murdered / A homecoming queen, in fact / R.I.P. LauraTwin Peaks
26.4%
A curly-haired girl / Works at Dean & DeLuca / Studies in New YorkFelicity
25.2%
Addressing issues / Too racy for Cosby's show / Hey! Denise grew upA Different World
23.2%
Carl's killed by a team / Of anthropomorphized foods / Stay out of my poolAqua Teen Hunger Force
18.2%

You're not logged in!

Compare scores with friends on all Sporcle quizzes.
Sign Up with Email
OR
Log In

You Might Also Like...

Show Comments

Extras

Top Quizzes Today


Score Distribution

Your Account Isn't Verified!

In order to create a playlist on Sporcle, you need to verify the email address you used during registration. Go to your Sporcle Settings to finish the process.